| 000 | 00375cam a2200145ua 4500 | ||
|---|---|---|---|
| 041 |
_aeng _h |
||
| 082 |
_a500 _bLEV/BO |
||
| 100 | _aLevin, Lawrence M . | ||
| 245 |
_aBook of popular science, Vol 2 / _cLawrence M Levin. _hTextual Documents |
||
| 260 |
_aNew York : _bGrolier Incorporated , _c1953. |
||
| 300 | _a428 ; . | ||
| 504 | _a | ||
| 942 | _cBK | ||
| 999 |
_c8975 _d8975 |
||